000 00652nam a2200217 a 4500
005 20240912063822.0
008 991125s1988 mx 000 0 spa u
020 _a9682919770
035 _aUPN01000006152
049 _aI
050 4 _aPQ7798.13 L4.5
_bC3.2 1988
100 1 _aClemente, Horacio,
_d1930-
_932368
245 1 3 _aEl caballo volador /
_cnarración de Horacio Clemente ; il. Napoleón.
250 _a5a ed.
260 _aMéxico :
_bCONAFE,
_c1988.
300 _a[28] p. :
_bil. col.
440 0 _aCuentos de polidoro
650 4 _aCuentos infantiles argentinos
_97466
650 0 _aAnimales
_vCuentos y leyendas
_9234
905 _aInfantil
999 _c6152
_d6152